zpět

Detail výsledku týmu

Srdcovka Ústí, Ústí nad Labem

Datum a čas kvízu

35 Celkem bodů Celkový počet nahraných bodů na tomto kvízu bez doplňovacích otázek.
4. Pořadí na kvízu Konečné umístění týmu na tomto kvízu.

Zaznamenané odpovědi

# Otázka Odpověď Body Výsledky
1. V pátek se na základních a stř... burger, panák (alkoholu) 0.5
2. Jisté devadesátikilogramové zv... sumec 1
3. Minulý týden byl potvrzen rozc... Katy Perry, Orlando Bloom 1
4. Jak se jmenuje nově zvolený ge... Hynek Chudárek 1
5. Minulý týden jsme zažili zcela... Boca Juniors 1
6. Jedna z nejúspěšnějších filmov... Zachary Quinto, Leonard Nimoy 0.5
7. Napište originální anglický ná... The Hangover 1
8. Seřaďte jednotlivé díly filmov... 1B 2A 3D 4C 0
9. Jak se jmenovala dcera Edwarda... A 1
10. Závěrem se podíváme blíže na H... z hadů 0